00193nam a22000857a 4500082001200000100001900012245004300031260002400074300000900098 a670 LIN aLINDBERG,ROY A aMATERIALS AND MANUFACTURING TECHNOLOGY aBOSTONbALLYNc1968 a657P